| 000 | 01444na a2200361 4500 | ||
|---|---|---|---|
| 001 | 19256 | ||
| 003 | MIRAKIL | ||
| 005 | 20181213155104.0 | ||
| 008 | 161212b tu 000 0 | ||
| 035 | _a19256 | ||
| 040 |
_aMilas _btur _cTR-AnCHP |
||
| 041 | _atur | ||
| 082 |
_aCHP 324.2372092 _bB29c 1995 |
||
| 090 | _aBROŞÜR 16 | ||
| 100 | _aBaykal, Deniz | ||
| 222 | _aCHP Genel Başkanı Deniz Baykal'ın konuşmaları | ||
| 245 |
_aCHP Genel Başkanı Deniz Baykal'ın 2006 Yılı Bütçesi Üzerinde Yaptığı Konuşma _b14 Aralık 2005 _cDeniz Baykal |
||
| 246 | _aCHP Genel Başkanı Deniz Baykal'ın 2006 Bütçe konuşması | ||
| 260 |
_a[Ankara] _bCHP _c2005 |
||
| 300 |
_a88 s. _c21 sm. |
||
| 490 | _aCumhuriyet Halk Partisi yayınları | ||
| 500 | _a7 kopya. | ||
| 500 | _aDış kapakta adı: Zulme ve yanlışa tanık oluyorsanız, elinizden gelen bütün güçle direneceksiniz. Eğer direnemiyorsanız, gücünüz yetmiyorsa, en azından buğz edeceksiniz. | ||
| 600 |
_aBaykal, Deniz _cCHP Genel Başkanı _xKonuşmalar, 2005 _xBütçe, 2006 |
||
| 610 |
_aCHP _xKonuşmalar, 2005 _xBütçe, 2006 _yBaykal dönemi |
||
| 650 |
_aCHP Genel başkanları _xBütçe, 2006 _xBütçe, 2006 _ySöylev ve demeçler |
||
| 657 | _aDeniz Baykalın konuşmaları | ||
| 710 | _aCHP | ||
| 740 | _aCHP Genel Başkanı Deniz Baykal'ın konuşmaları | ||
| 830 | _aCHP yayınları | ||
| 942 |
_2dcc _cBKS |
||
| 999 |
_c6342 _d6342 |
||